Report on long range plan for power projects in Karnataka 1987-2000 A.D (Record no. 489975)

000 -LEADER
fixed length control field 00409cam a22001337a 4500
008 - FIXED-LENGTH DATA ELEMENTS--GENERAL INFORMATION
fixed length control field 180718b1987 xxu||||| |||| 00| 0 eng d
082 ## - DEWEY DECIMAL CLASSIFICATION NUMBER
Classification number V53x5444 K147r
100 ## - MAIN ENTRY--PERSONAL NAME
Personal name Karnataka
245 ## - TITLE STATEMENT
Title Report on long range plan for power projects in Karnataka 1987-2000 A.D
260 ## - PUBLICATION, DISTRIBUTION, ETC.
Place of publication, distribution, etc. Bangalore
Name of publisher, distributor, etc. The author
Date of publication, distribution, etc. 1987
300 ## - PHYSICAL DESCRIPTION
Extent 104+p.
500 ## - GENERAL NOTE
General note Chairman: S.G. Ramachandra
700 ## - ADDED ENTRY--PERSONAL NAME
Personal name Ramachandra, S.G. (Chairman)
Holdings
Withdrawn status Lost status Damaged status Not for loan Permanent Location Current Location Date acquired Full call number Barcode Date last seen Price effective from Koha item type
        Indian Institute of Public Administration Indian Institute of Public Administration 2018-08-04 V53x5444 K147r GG20970 2018-08-04 2018-08-04 GG

Powered by Koha